00000000nas 2200000za 4500
0019.846225
003CaOODSP
00520221107153141
007cr |||||||||||
008171027d19891991oncar p or   f0###a0eng|d
040 |aCaOODSP|beng
041 |aeng|afre
043 |an-cn---
0861 |aR32-119-PDF|zR5-471/1989-PDF
24500|aIndian/Inuit management courses |h[electronic resource] = |bCours en gestion pour les Indiens et les Inuit.
24611|aCours en gestion pour les Indiens et les Inuit
260 |aOttawa : |bIndian/Inuit Management Development, |c[19---1991]
310 |aAnnual
3621 |aCeased with 1991/1992 issue.
500 |aDigitized edition from print [produced by Indigenous and Northern Affairs Canada].
546 |aText in English and French.
69207|2gccst|aAboriginal peoples
69207|2gccst|aManagement tools
7101 |aCanada. |bIndian and Northern Affairs Canada.
78500|tIndian/Inuit training opportunities |w(CaOODSP)9.845634
78500|tGovernment training initiatives for First Nations |w(CaOODSP)9.846240
792 |tIndian/Inuit management courses |efre|w(CaOODSP)9.846226